00614naa a2200157 a 450000100080000000500110000800800410001910000180006024500500007826000090012852001800013765300230031765300230034070000130036377300800037611225832014-12-17 2014 bl uuuu u00u1 u #d1 aBACKES, R. L. aA soberania do feij??oh[electronic resource] c2014 a?? apresentada uma breve conjuntura da cultura do feij??o, tipos de feij??o no Brasil, aspectos sobre importa????o, armazenamento, consumo e perspectivas regionais da cultura. aconjuntura feij??o aPhaseolus vulgaris1 aHEMP, S. tAgropecu??ria Catarinense, Florian??polis, SCgv. 27, n. 1, p. 18-20, 2014.